[Event "RUS-chT Seniors final"]
[Site "Sochi"]
[Date "2016.05.09"]
[Round "8.1"]
[White "Kamiljanov, Timerbay"]
[Black "Fradkin, Boris"]
[Result "1/2-1/2"]
[WhiteElo "2139"]
[BlackElo "2387"]
[PlyCount "120"]
[EventDate "2016.05.01"]
[EventType "team-tourn"]
[EventRounds "9"]
[EventCountry "RUS"]
[SourceTitle "EXT 2018"]
[Source "ChessBase"]
[SourceDate "2017.10.13"]
[SourceVersion "1"]
[SourceVersionDate "2017.10.13"]
[SourceQuality "1"]
[WhiteTeam "Tatarstan Castle"]
[BlackTeam "Ekaterinburg Malachite"]
[WhiteTeamCountry "RUS"]
[BlackTeamCountry "RUS"]

1. d4 Nf6 2. c4 e6 3. Nf3 Bb4+ 4. Bd2 Qe7 5. g3 b6 6. Bg2 Bb7 7. 0-0 Bxd2 8. Qxd2 0-0 9. Nc3 d6 10. d5 Nbd7 11. Nd4 exd5 12. cxd5 Nc5 13. b4 Nce4 14. Nxe4 Nxe4 15. Qd3 Rfe8 16. f3 Nf6 17. e4 a5 18. a3 g6 19. Rfc1 axb4 20. axb4 h5 21. Qc3 Rxa1 22. Rxa1 h4 23. Ra7 Rb8 24. g4 Qe5 25. Ne2 Qxc3 26. Nxc3 g5 27. Nb5 Ne8 28. Nd4 Kg7 29. Bf1 Nf6 30. Bb5 Bxd5 31. exd5 Nxd5 32. Bc4 Nxb4 33. Rxc7 d5 34. Bb5 Ra8 35. Nf5+ Kg8 36. h3 Ra1+ 37. Kf2 Ra2+ 38. Ke3 Nc2+ 39. Kd3 Ne1+ 40. Kd4 Nxf3+ 41. Kxd5 Rd2+ 42. Ke4 Rb2 43. Be8 Re2+ 44. Kxf3 Rxe8 45. Nh6+ Kg7 46. Nf5+ Kf6 47. Ne3 Rb8 48. Rc6+ Kg7 49. Nd5 b5 50. Nb4 Ra8 51. Rc3 Ra1 52. Rb3 Rf1+ 53. Ke2 Rg1 54. Kf2 Rg3 55. Rxg3 hxg3+ 56. Kxg3 Kf6 57. Kf3 Ke5 58. Ke3 f6 59. Kd3 f5 60. gxf5 Kxf5 1/2-1/2

[Event "RUS-chT Seniors final"]
[Site "Sochi"]
[Date "2016.05.08"]
[Round "7.3"]
[White "Zhelnin, Vladimir V"]
[Black "Kamiljanov, Timerbay"]
[Result "1/2-1/2"]
[WhiteElo "2464"]
[BlackElo "2139"]
[PlyCount "124"]
[EventDate "2016.05.01"]
[EventType "team-tourn"]
[EventRounds "9"]
[EventCountry "RUS"]
[SourceTitle "EXT 2018"]
[Source "ChessBase"]
[SourceDate "2017.10.13"]
[SourceVersion "1"]
[SourceVersionDate "2017.10.13"]
[SourceQuality "1"]
[WhiteTeam "Belorechensk Univ"]
[BlackTeam "Tatarstan Castle"]
[WhiteTeamCountry "RUS"]
[BlackTeamCountry "RUS"]

1. e4 c5 2. Nf3 d6 3. d4 cxd4 4. Nxd4 Nf6 5. Nc3 g6 6. Be2 Bg7 7. 0-0 0-0 8. Bg5 Nc6 9. Nb3 a6 10. a4 Be6 11. Kh1 Rc8 12. f4 Na5 13. f5 Bc4 14. Bd3 Bxb3 15. cxb3 Nc6 16. Qe2 Ne5 17. Bc2 Qa5 18. Rac1 Rfe8 19. Bd2 Qd8 20. Rcd1 Qc7 21. Bb1 Nc6 22. Be3 Qa5 23. Bg5 Qb4 24. Bxf6 Bxf6 25. Nd5 Qxb3 26. fxg6 hxg6 27. Rxf6 exf6 28. Nxf6+ Kg7 29. Nxe8+ Rxe8 30. Rxd6 Qxa4 31. h3 Re7 32. Qf1 Re6 33. Qd1 Qxd1+ 34. Rxd1 Nb4 35. Kg1 a5 36. Kf2 Kf6 37. Ke3 Ke7 38. Kf3 Kf6 39. Ke3 Ke7 40. g4 b6 41. h4 Rc6 42. Rh1 Kf8 43. Kf4 Rc4 44. Rd1 Rc6 45. e5 Rc4+ 46. Kg5 Nc6 47. h5 Nxe5 48. hxg6 fxg6 49. Rd5 Nxg4 50. Rb5 Ne3 51. Bxg6 Rc6 52. Be4 Rd6 53. Kf4 Nc4 54. Bd5 Nd2 55. Ke3 Nf1+ 56. Kf4 Ke7 57. Be4 Nd2 58. Bg2 Nc4 59. b3 Nd2 60. Re5+ Kd8 61. Bd5 Kd7 62. Ke3 Nb1 1/2-1/2

[Event "RUS-chT Seniors final"]
[Site "Sochi"]
[Date "2016.05.03"]
[Round "3.1"]
[White "Mednikov, Gennadiy"]
[Black "Kamiljanov, Timerbay"]
[Result "1-0"]
[WhiteElo "2118"]
[BlackElo "2139"]
[PlyCount "97"]
[EventDate "2016.05.01"]
[EventType "team-tourn"]
[EventRounds "9"]
[EventCountry "RUS"]
[SourceTitle "EXT 2018"]
[Source "ChessBase"]
[SourceDate "2017.10.13"]
[SourceVersion "1"]
[SourceVersionDate "2017.10.13"]
[SourceQuality "1"]
[WhiteTeam "Sochi Kind Hearts"]
[BlackTeam "Tatarstan Castle"]
[WhiteTeamCountry "RUS"]
[BlackTeamCountry "RUS"]

1. d4 Nf6 2. Bf4 g6 3. Nc3 Bg7 4. Qd2 c5 5. d5 d6 6. e4 a6 7. a4 Qa5 8. Ra2 0-0 9. Nf3 Nbd7 10. Be2 Qb4 11. a5 Nxe4 12. Nxe4 Qxe4 13. 0-0 Nf6 14. c4 Qf5 15. Bd3 Qd7 16. Bh6 Bxh6 17. Qxh6 Rb8 18. Ng5 b6 19. Re1 bxa5 20. Re4 Qf5 21. Re3 Qf4 22. Rf3 Qc1+ 23. Bf1 Bf5 24. g4 Rb4 25. gxf5 Rxc4 26. Rg3 Rd4 27. Ra1 Qf4 28. fxg6 hxg6 29. Rh3 Qxg5+ 30. Qxg5 Rg4+ 31. Qxg4 Nxg4 32. Rxa5 Rb8 33. b3 Rb4 34. Bc4 Ne5 35. Rc3 Kg7 36. Rxa6 Kf6 37. Ra7 Rb8 38. f4 Ng4 39. h3 Nh6 40. Kg2 Nf5 41. Rc1 Rh8 42. Re1 Rh4 43. Bd3 Rxf4 44. Bxf5 Rxf5 45. Rexe7 Rxd5 46. Rxf7+ Kg5 47. Kg3 Rd3+ 48. Rf3 Rd4 49. Rh7 1-0

[Event "RUS-chT Seniors final"]
[Site "Sochi"]
[Date "2016.05.02"]
[Round "2.4"]
[White "Kamiljanov, Timerbay"]
[Black "Karasev, Vladimir I"]
[Result "0-1"]
[WhiteElo "2139"]
[BlackElo "2354"]
[PlyCount "116"]
[EventDate "2016.05.01"]
[EventType "team-tourn"]
[EventRounds "9"]
[EventCountry "RUS"]
[SourceTitle "EXT 2018"]
[Source "ChessBase"]
[SourceDate "2017.10.13"]
[SourceVersion "1"]
[SourceVersionDate "2017.10.13"]
[SourceQuality "1"]
[WhiteTeam "Tatarstan Castle"]
[BlackTeam "St Petersburg Bronze Horseman"]
[WhiteTeamCountry "RUS"]
[BlackTeamCountry "RUS"]

1. d4 g6 2. c4 Bg7 3. e4 Nc6 4. Nf3 d6 5. d5 Ne5 6. Nxe5 Bxe5 7. Nc3 Bxc3+ 8. bxc3 e5 9. f4 Nf6 10. fxe5 dxe5 11. Qf3 Bg4 12. Qg3 0-0 13. Bd3 Qd6 14. 0-0 Bd7 15. Qh4 Nh5 16. a4 c5 17. Rf3 f6 18. Bh6 Rf7 19. Qf2 Bg4 20. Re3 f5 21. Qh4 f4 22. Ree1 Bd7 23. Be2 Nf6 24. Bf3 a5 25. g3 fxg3 26. Qxg3 Kh8 27. Rf1 Ng8 28. Be3 Raf8 29. Bg2 Rxf1+ 30. Rxf1 Rxf1+ 31. Kxf1 Nf6 32. Qg5 Kg7 33. Qh6+ Kg8 34. Qg5 Kf7 35. Qh6 b6 36. Bh3 Bxh3+ 37. Qxh3 Qd7 38. Qf3 Kg7 39. Qg3 Qxa4 40. Qxe5 Qxc4+ 41. Ke1 Qxe4 42. Qc7+ Kf8 43. Qd8+ Kf7 44. Qc7+ Kg8 45. Qd8+ Qe8 46. Qxe8+ Nxe8 47. Bg5 a4 48. Kd1 Kf7 49. Bd8 b5 50. Bb6 Nf6 51. Bxc5 Nxd5 52. Kd2 g5 53. Kd3 Nf4+ 54. Ke4 Ke6 55. Bf8 h5 56. Bc5 h4 57. Ba3 Nd5 58. Kd4 g4 0-1

[Event "Tatarstan-ch"]
[Site "Kazan"]
[Date "2011.12.21"]
[Round "9.11"]
[White "Faizrakhmanov, Ilmir"]
[Black "Kamiljanov, Timerbay"]
[Result "0-1"]
[WhiteElo "1979"]
[BlackElo "2147"]
[PlyCount "56"]
[EventDate "2011.12.13"]
[EventType "swiss"]
[EventRounds "9"]
[EventCountry "RUS"]
[SourceTitle "EXT 2022"]
[Source "ChessBase"]
[SourceDate "2021.10.06"]
[SourceVersion "1"]
[SourceVersionDate "2021.10.06"]
[SourceQuality "1"]

1. f4 d5 2. Nf3 g6 3. g3 Bg7 4. Bg2 c5 5. 0-0 Nc6 6. c3 Nf6 7. d3 0-0 8. Nbd2 Qc7 9. e4 dxe4 10. Nxe4 b6 11. Nxf6+ Bxf6 12. Be3 Bb7 13. f5 Rad8 14. Ng5 Ne5 15. d4 Bxg2 16. Kxg2 cxd4 17. cxd4 Nc4 18. Qe2 Nxe3+ 19. Qxe3 Bxd4 20. Qe4 Bf6 21. h4 Rd2+ 22. Kh3 Qc2 23. fxg6 hxg6 24. Rac1 Qxb2 25. Ne6 Re2 26. Qxe2 Qxe2 27. Nxf8 Kxf8 28. Rc8+ Kg7 0-1

[Event "Tatarstan-ch"]
[Site "Kazan"]
[Date "2011.12.18"]
[Round "6.15"]
[White "Kamiljanov, Timerbay"]
[Black "Rashitova, Gulnara"]
[Result "1-0"]
[WhiteElo "2147"]
[BlackElo "1819"]
[PlyCount "69"]
[EventDate "2011.12.13"]
[EventType "swiss"]
[EventRounds "9"]
[EventCountry "RUS"]
[SourceTitle "EXT 2022"]
[Source "ChessBase"]
[SourceDate "2021.10.06"]
[SourceVersion "1"]
[SourceVersionDate "2021.10.06"]
[SourceQuality "1"]

1. d4 d5 2. c4 e6 3. Nc3 Nf6 4. Bg5 c6 5. Nf3 Nbd7 6. cxd5 exd5 7. e3 Bd6 8. Bd3 0-0 9. Qc2 Qc7 10. 0-0 h6 11. Bh4 a6 12. a4 a5 13. Rac1 Qb8 14. Rfe1 Re8 15. e4 Bf4 16. Rcd1 dxe4 17. Nxe4 Nd5 18. Nc3 Rf8 19. Nxd5 cxd5 20. Be7 Re8 21. Bb5 g6 22. g3 Qc7 23. Qe2 Bg5 24. Nxg5 hxg5 25. Qe3 Kh7 26. Qxg5 f6 27. Bxf6 Re4 28. Rxe4 dxe4 29. Qh4+ Kg8 30. Qh8+ Kf7 31. Qg7+ Ke6 32. Qe7+ Kf5 33. g4+ Kxg4 34. Qxe4+ Qf4 35. Be2+ 1-0

[Event "Izhevsk Corporation Cup-A 3rd"]
[Site "Izhevsk"]
[Date "2011.07.22"]
[Round "7"]
[White "Kamiljanov, Timerbay"]
[Black "Volodin, Ivan"]
[Result "1/2-1/2"]
[WhiteElo "2180"]
[BlackElo "2253"]
[PlyCount "81"]
[EventDate "2011.07.15"]
[EventType "swiss"]
[EventRounds "9"]
[EventCountry "RUS"]
[SourceTitle "CBM 143 Extra"]
[Source "ChessBase"]
[SourceDate "2011.08.29"]
[SourceVersion "1"]
[SourceVersionDate "2011.08.29"]
[SourceQuality "1"]

1. d4 Nf6 2. c4 c5 3. d5 b5 4. cxb5 a6 5. bxa6 g6 6. Nc3 Bxa6 7. Nf3 Bg7 8. g3 0-0 9. Bg2 e6 10. 0-0 Nxd5 11. Nxd5 exd5 12. Qxd5 Nc6 13. Re1 Re8 14. Ng5 Qe7 15. Be3 Bd4 16. Bd2 Rab8 17. Rab1 Nb4 18. Qb3 Qf6 19. Nf3 Nd3 20. exd3 Rxe1+ 21. Rxe1 Rxb3 22. axb3 Kg7 23. Nxd4 cxd4 24. Re4 Bb7 25. Rf4 Qb6 26. Bxb7 Qxb7 27. Rxd4 f5 28. Bc3 Kf7 29. b4 d5 30. h4 Ke6 31. Kf1 h6 32. Ke2 g5 33. hxg5 hxg5 34. Kd2 Qb5 35. Kc2 Qe8 36. Kb3 Kd6 37. Bd2 Qe2 38. Be3 Qd1+ 39. Kc3 Qe1+ 40. Kb3 Qd1+ 41. Kc3 1/2-1/2

[Event "Izhevsk Corporation Cup-A 3rd"]
[Site "Izhevsk"]
[Date "2011.07.19"]
[Round "5"]
[White "Shaydullina, Sandugach"]
[Black "Kamiljanov, Timerbay"]
[Result "1-0"]
[WhiteElo "2158"]
[BlackElo "2180"]
[PlyCount "69"]
[EventDate "2011.07.15"]
[EventType "swiss"]
[EventRounds "9"]
[EventCountry "RUS"]
[SourceTitle "CBM 143 Extra"]
[Source "ChessBase"]
[SourceDate "2011.08.29"]
[SourceVersion "1"]
[SourceVersionDate "2011.08.29"]
[SourceQuality "1"]

1. d4 Nf6 2. c4 g6 3. Nc3 Bg7 4. e4 d6 5. Be2 0-0 6. Bg5 c5 7. d5 b5 8. cxb5 a6 9. a4 Qa5 10. Bd2 axb5 11. Nxb5 Qd8 12. Qc2 e6 13. dxe6 Bxe6 14. Nf3 Na6 15. 0-0 d5 16. exd5 Nxd5 17. Rfd1 Qb8 18. Qc1 Nab4 19. Bh6 Rc8 20. Bxg7 Kxg7 21. Ng5 Qe5 22. Nxe6+ fxe6 23. Bc4 Rf8 24. Ra3 Rad8 25. Rf1 h5 26. Rg3 Rf6 27. b3 Nf4 28. Qe3 Qf5 29. h4 Nc2 30. Qf3 Qe5 31. Rg5 Qb8 32. Rxc5 Nd3 33. Rc7+ Qxc7 34. Nxc7 Rxf3 35. Nxe6+ 1-0

[Event "Nezhmetdinov Memorial 30th"]
[Site "Kazan"]
[Date "2008.06.01"]
[Round "1"]
[White "Iljin, Artem"]
[Black "Kamiljanov, Timerbay"]
[Result "1-0"]
[WhiteElo "2556"]
[BlackElo "2206"]
[PlyCount "53"]
[EventDate "2008.06.01"]
[EventType "swiss"]
[EventRounds "9"]
[EventCountry "RUS"]
[SourceTitle "EXT 2009"]
[Source "ChessBase"]
[SourceDate "2008.11.26"]
[SourceVersion "1"]
[SourceVersionDate "2008.11.26"]
[SourceQuality "1"]

1. d4 Nf6 2. c4 g6 3. Nc3 Bg7 4. e4 d6 5. f3 0-0 6. Nge2 Nc6 7. Be3 a6 8. Qd2 Rb8 9. Rc1 Re8 10. g3 e5 11. d5 Nd4 12. Nxd4 exd4 13. Bxd4 c5 14. dxc6 bxc6 15. Bg2 d5 16. cxd5 cxd5 17. e5 Nd7 18. f4 Nb6 19. b3 f6 20. 0-0 fxe5 21. fxe5 Bxe5 22. Bxe5 Rxe5 23. Qd4 Qd6 24. Rce1 Rxe1 25. Rxe1 Bf5 26. Nxd5 Rd8 27. Re7 1-0

[Event "Moscow-ch"]
[Site "Moscow"]
[Date "2001.??.??"]
[Round "5"]
[White "Kamiljanov, Timerbay"]
[Black "Saulin, Dmitri"]
[Result "0-1"]
[WhiteElo "2293"]
[BlackElo "2462"]
[PlyCount "47"]
[EventDate "2001.??.??"]
[EventType "swiss"]
[EventRounds "9"]
[EventCountry "RUS"]
[SourceTitle "EXT 2002"]
[Source "ChessBase"]
[SourceDate "2001.11.25"]
[SourceVersion "1"]
[SourceVersionDate "2001.11.25"]
[SourceQuality "1"]

1. d4 Nf6 2. c4 e6 3. Nc3 Bb4 4. Nf3 c5 5. g3 cxd4 6. Nxd4 0-0 7. Bg2 d5 8. Qd3 Bxc3+ 9. bxc3 Nc6 10. cxd5 Na5 11. Qc2 Nxd5 12. 0-0 Qc7 13. Qd3 Bd7 14. a4 Rad8 15. Bd2 Nc4 16. Rfb1 Be8 17. Be1 Rc8 18. e4 Nf6 19. Qe2 b6 20. f4 e5 21. Nf5 g6 22. Nh6+ Kg7 23. Ng4 Nxg4 24. Qxg4 0-1